000
00291nam a2200109Ia 4500
008
200302s9999 xx 000 0 und d
100
_a
Christopher Alexander
245
_a
A Pattern Language Towns, Building, Construction
260
_b
Oxford University press
260
_c
1977
300
_a
1171
999
_c
7152
_d
7152